[Event "18sen.Bay.EM2006 Schney op"]
[Site "Schloss Schney (25.6.-3.7)"]
[Date "2006.06.26"]
[Round "2.7"]
[White "Ziegler, Werner(31)"]
[Black "Fischer, Gerd(41)"]
[Result "0-1"]
[WhiteElo "1828"]
[BlackElo "2092"]
[PlyCount "158"]
[EventDate "2006.07.??"]
[Source "Ganslmayer"]
[SourceDate "2012.12.20"]

1. e4 c5 2. c3 Nf6 3. e5 Nd5 4. d4 cxd4 5. Nf3 Nc6 6. Be2 e6 7. cxd4 Bb4+ 8.
Nbd2 Nf4 9. O-O d5 10. Nb3 Nxe2+ 11. Qxe2 O-O 12. Bg5 Be7 13. Bxe7 Qxe7 14. a3
b6 15. Rfc1 Bb7 16. Nbd2 Rac8 17. b4 Rc7 18. Nb3 Rfc8 19. h3 f6 20. exf6 gxf6
21. b5 Nd8 22. Rxc7 Rxc7 23. Qb2 Nf7 24. Rc1 e5 25. Re1 e4 26. Nh4 Nd6 27. Nd2
f5 28. Nhf3 Qd7 29. Ne5 Qxb5 30. Qa2 Qa4 31. Nb3 Nc4 32. Rc1 Rg7 33. Nd2 Qxa3
34. Qxa3 Nxa3 35. Ra1 Nb5 36. Nb3 Rc7 37. Rb1 a6 38. Kh2 Rc2 39. Nd7 Rc6 40.
Kg3 Rg6+ 41. Kh2 Na3 42. Rc1 Nc4 43. Rb1 a5 44. Nxa5 Nxa5 45. Nxb6 Rg7 46. Rb5
Nc4 47. Nxd5 Bxd5 48. Rxd5 f4 49. Rc5 Nd6 50. Ra5 Kf7 51. Ra7+ Kf6 52. Ra5 Rd7
53. Re5 Re7 54. Ra5 Nf5 55. d5 Rd7 56. g4 Ne7 57. g5+ Ke5 58. h4 Rxd5 59. Ra7
Ke6 60. Ra6+ Rd6 61. Ra5 Ng6 62. h5 Ne5 63. Kh3 Kf5 64. Ra7 Rd3+ 65. Kg2 Kxg5
66. Rxh7 Ng4 67. Re7 e3 68. fxe3 Nxe3+ 69. Kf2 Ng4+ 70. Kf1 Kxh5 71. Rh7+ Kg5
72. Rg7+ Kh4 73. Ke2 Re3+ 74. Kd2 Re5 75. Kd3 f3 76. Kd4 f2 77. Rf7 Re1 78. Kc3
f1=Q 79. Rxf1 Rxf1 0-1

[Event "18sen.Bay.EM2006 Schney op"]
[Site "Schloss Schney (25.6.-3.7)"]
[Date "2006.06.26"]
[Round "2.28"]
[White "Gerdes, Hans"]
[Black "Antusch, Ingrid++"]
[Result "1-0"]
[WhiteElo "1692"]
[BlackElo "1446"]
[PlyCount "137"]
[EventDate "2006.07.??"]
[Source "Ganslmayer"]
[SourceDate "2012.12.20"]

1. e4 d5 2. e5 c5 3. f4 Bf5 4. Nf3 e6 5. d4 Nc6 6. c3 Qb6 7. Bd3 Nge7 8. dxc5
Qxc5 9. Qe2 Bxd3 10. Qxd3 Nf5 11. g4 Nh6 12. Be3 Qa5 13. h3 Be7 14. Nbd2 a6 15.
O-O Bc5 16. b4 Bxe3+ 17. Qxe3 Qd8 18. a4 O-O 19. Nb3 Rb8 20. a5 Ne7 21. Nc5 Ng6
22. Nd4 Re8 23. g5 Nf5 24. Nxf5 exf5 25. Qd3 Nxf4 26. Qxf5 Nxh3+ 27. Qxh3 Qxg5+
28. Qg2 Qe3+ 29. Qf2 Qg5+ 30. Kh1 Qh5+ 31. Qh2 Rxe5 32. Nd7 Qxh2+ 33. Kxh2 Rh5+
34. Kg3 Rc8 35. Rae1 Rg5+ 36. Kf4 h6 37. Nc5 g6 38. Re5 Rxe5 39. Kxe5 Kg7 40.
Kxd5 Rd8+ 41. Ke4 Re8+ 42. Kd5 Rd8+ 43. Ke5 Re8+ 44. Kd6 Re3 45. Rc1 h5 46.
Nxb7 h4 47. Nc5 h3 48. Nxa6 g5 49. Nc5 h2 50. a6 g4 51. a7 Re8 52. Ne4 f5 53.
b5 fxe4 54. b6 g3 55. b7 g2 56. b8=Q Rxb8 57. axb8=Q h1=Q 58. Qb7+ Kh6 59. Qb1
Qh2+ 60. Kc5 Qe5+ 61. Kc4 Qf4 62. Kb3 e3 63. Rg1 Qf2 64. Qe1 Qf3 65. Qh4+ Kg6
66. Qh2 e2 67. Qxg2+ Qxg2 68. Rxg2+ Kf5 69. Rxe2 1-0

[Event "18sen.Bay.EM2006 Schney op"]
[Site "Schloss Schney (25.6.-3.7)"]
[Date "2006.06.26"]
[Round "2.26"]
[White "Wolf, Reinhard(37)"]
[Black "Mueller, Lothar(27)"]
[Result "1-0"]
[WhiteElo "1698"]
[BlackElo "1412"]
[PlyCount "111"]
[EventDate "2006.07.??"]
[Source "Ganslmayer"]
[SourceDate "2012.12.20"]

1. d4 d5 2. c4 c6 3. Nf3 Nf6 4. Nc3 Bf5 5. e3 e6 6. h3 h6 7. c5 Be7 8. Bd3 Bxd3
9. Qxd3 Nbd7 10. O-O Qc7 11. Bd2 O-O 12. b4 b5 13. a4 a6 14. Rfb1 e5 15. dxe5
Nxe5 16. Nxe5 Qxe5 17. Ne2 Qe4 18. Qb3 Qc4 19. Nd4 Qxb3 20. Rxb3 Ne4 21. Be1
Bf6 22. Rba3 bxa4 23. Rxa4 a5 24. Rxa5 Rxa5 25. Rxa5 Bxd4 26. exd4 Rc8 27. f3
Ng5 28. b5 cxb5 29. Rxb5 Ne6 30. Bf2 h5 31. g3 g6 32. Kg2 Kg7 33. Be3 Kf6 34.
f4 Kf5 35. Kf3 Kf6 36. g4 hxg4+ 37. hxg4 Ke7 38. Rb7+ Rc7 39. Rb6 Kd7 40. Rd6+
Ke7 41. Rxd5 Ra7 42. f5 gxf5 43. gxf5 Nc7 44. Rd6 Nb5 45. f6+ Ke8 46. Rb6 Nc7
47. Ke4 Ne6 48. c6 Kd8 49. d5 Nc5+ 50. Bxc5 Kc8 51. d6 Ra5 52. Rb7 Rxc5 53. d7+
Kd8 54. Rb8+ Kc7 55. d8=Q+ Kxc6 56. Rb6# 1-0

[Event "18sen.Bay.EM2006 Schney op"]
[Site "Schloss Schney (25.6.-3.7)"]
[Date "2006.06.26"]
[Round "2.17"]
[White "Kraft, Hans(32)"]
[Black "Fritsch, Wolfgang(36)"]
[Result "1/2-1/2"]
[WhiteElo "1981"]
[BlackElo "1729"]
[PlyCount "52"]
[EventDate "2006.07.??"]
[Source "Ganslmayer"]
[SourceDate "2012.12.20"]

1. e4 e5 2. Nf3 Nf6 3. Nxe5 d6 4. Nf3 Nxe4 5. Nc3 Nxc3 6. dxc3 Be7 7. Bf4 Nc6
8. Qd2 Be6 9. Nd4 Nxd4 10. cxd4 d5 11. Be3 c6 12. Bd3 Qd7 13. O-O-O Bd6 14. Kb1
O-O-O 15. Rc1 Kb8 16. Ka1 Ka8 17. c4 dxc4 18. Bxc4 Bxc4 19. Rxc4 Bc7 20. a4 Qd5
21. Qc2 Qxg2 22. Rc1 Qg6 23. Qc3 Rd5 24. Rc5 Rhd8 25. a5 a6 26. b4 Rxc5 1/2-1/2

[Event "18sen.Bay.EM2006 Schney op"]
[Site "Schloss Schney (25.6.-3.7)"]
[Date "2006.06.26"]
[Round "2.1"]
[White "Reer, Erdmann"]
[Black "Oechslein, Rainer"]
[Result "0-1"]
[WhiteElo "1884"]
[BlackElo "2176"]
[PlyCount "110"]
[EventDate "2006.07.??"]
[Source "Ganslmayer"]
[SourceDate "2012.12.20"]

1. e4 e6 2. d4 c5 3. Nf3 cxd4 4. Nxd4 a6 5. Nc3 Qc7 6. Bd3 b5 7. O-O Bb7 8. Be3
Nf6 9. Qf3 Be7 10. Rfe1 d6 11. a3 Nbd7 12. Rac1 O-O 13. Qe2 Rac8 14. f3 Ne5 15.
Nd1 d5 16. Nf2 dxe4 17. fxe4 Rfd8 18. Nb3 Nc4 19. Bxc4 bxc4 20. Nd2 c3 21. bxc3
Qxc3 22. Rb1 Rd7 23. Rb3 Qxc2 24. Reb1 Bxe4 25. Qxa6 Bd5 26. Qxc8+ Qxc8 27. Rb8
Rd8 28. Rxc8 Rxc8 29. a4 Ra8 30. Ra1 Bd8 31. Nd3 Bc6 32. Nc5 Bb6 33. Ndb3 Bxa4
34. Bd4 Bxc5 35. Nxc5 Bc6 36. Rxa8+ Bxa8 37. h3 Kf8 38. Kf2 Ke7 39. g3 Kd6 40.
g4 e5 41. Be3 h6 42. Nd3 Be4 43. Nc1 Bc6 44. Ne2 Ne4+ 45. Kg1 Kd5 46. Kh2 Ng5
47. h4 Nf3+ 48. Kg3 Ke4 49. Ng1 Nxg1 50. Bxg1 Kd3 51. Bc5 g6 52. Kf2 f5 53.
gxf5 gxf5 54. Bd6 Ke4 55. h5 Kf4 0-1

[Event "18sen.Bay.EM2006 Schney op"]
[Site "Schloss Schney (25.6.-3.7)"]
[Date "2006.06.26"]
[Round "2.2"]
[White "Scheipl, Ralf"]
[Black "Schmidt, Walter(43)"]
[Result "1/2-1/2"]
[WhiteElo "2184"]
[BlackElo "1881"]
[PlyCount "90"]
[EventDate "2006.07.??"]
[Source "Ganslmayer"]
[SourceDate "2012.12.20"]

1. e4 e5 2. Nf3 Nc6 3. Bb5 a6 4. Ba4 Nf6 5. O-O Be7 6. Re1 b5 7. Bb3 O-O 8. d4
d6 9. c3 Bg4 10. Be3 Re8 11. Nbd2 h6 12. Nf1 Nh7 13. Bd5 Qd7 14. h3 Bh5 15. g4
Bg6 16. dxe5 Rad8 17. Bf4 dxe5 18. Bxe5 Bf6 19. Bf4 Ng5 20. Bxg5 hxg5 21. Ng3
Ne5 22. Nxe5 Bxe5 23. Nf5 c6 24. Bb3 Qd2 25. Qxd2 Rxd2 26. Rab1 Bxf5 27. exf5
Kf8 28. Kf1 Bc7 29. Rxe8+ Kxe8 30. Re1+ Kf8 31. Re2 Rd3 32. Kg2 Bf4 33. Bc2 Rd2
34. Kf3 Rxe2 35. Kxe2 Ke7 36. b4 f6 37. Be4 Kd7 38. Kd3 Bc7 39. c4 Bb6 40. c5
Bc7 41. Bf3 Be5 42. Bd1 Bc7 43. a4 Be5 44. Bb3 Bf4 45. Be6+ Kc7 1/2-1/2

[Event "18sen.Bay.EM2006 Schney op"]
[Site "Schloss Schney (25.6.-3.7)"]
[Date "2006.06.26"]
[Round "2.3"]
[White "Kunath, Werner"]
[Black "Walkewitz, Hubert"]
[Result "0-1"]
[WhiteElo "1896"]
[BlackElo "2182"]
[PlyCount "98"]
[EventDate "2006.07.??"]
[Source "Ganslmayer"]
[SourceDate "2012.12.20"]

1. Nf3 Nf6 2. d4 d5 3. Nc3 Bf5 4. Bg5 e6 5. Ne5 Be7 6. e3 Nbd7 7. Bd3 Bxd3 8.
Nxd3 O-O 9. O-O b6 10. f4 c5 11. Ne5 Nxe5 12. fxe5 Nd7 13. Bxe7 Qxe7 14. Qe2 f6
15. exf6 Nxf6 16. Rad1 Rad8 17. Rf3 e5 18. dxe5 Qxe5 19. Rdf1 Rfe8 20. Nd1 Qh5
21. Qd3 c4 22. Qf5 Qxf5 23. Rxf5 b5 24. h3 b4 25. R1f4 Rd6 26. Rd4 Ra6 27. e4
Rxe4 28. Rfxd5 Nxd5 29. Rxe4 Rxa2 30. Rd4 Nb6 31. Kf1 Ra5 32. Ne3 Rc5 33. Ke2
Kf7 34. g4 Ke6 35. Kf3 g6 36. h4 a5 37. Re4+ Kd7 38. Rf4 a4 39. Rf7+ Kc6 40.
Ke4 c3 41. bxc3 Rxc3 42. Kd4 a3 43. Rf6+ Kc7 44. Rxb6 a2 45. Nd5+ Kd8 46. Nxc3
a1=Q 47. Rxb4 Qg1+ 48. Kd3 Qg3+ 49. Kd2 Qd6+ 0-1

[Event "18sen.Bay.EM2006 Schney op"]
[Site "Schloss Schney (25.6.-3.7)"]
[Date "2006.06.26"]
[Round "2.4"]
[White "Goy, Udo"]
[Black "Reimann, Guenther(43)"]
[Result "1/2-1/2"]
[WhiteElo "2107"]
[BlackElo "1870"]
[PlyCount "133"]
[EventDate "2006.07.??"]
[Source "Ganslmayer"]
[SourceDate "2012.12.20"]

1. d4 e6 2. c4 f5 3. Nc3 Nf6 4. g3 Be7 5. Bg2 c6 6. Nh3 d6 7. O-O O-O 8. b3 e5
9. Bb2 Ng4 10. dxe5 dxe5 11. Qxd8 Bxd8 12. Ba3 Rf7 13. Rfd1 Bf6 14. Rac1 Nd7
15. Rd2 Nf8 16. Nd1 Rd7 17. Rcc2 Ne6 18. e3 e4 19. Nf4 Ng5 20. Bd6 Kf7 21. Nb2
Ne5 22. Bxe5 Bxe5 23. c5 Rxd2 24. Rxd2 Bxb2 25. Rxb2 Ne6 26. Rc2 Nxf4 27. gxf4
Be6 28. Kf1 Rd8 29. Ke1 Bd5 30. Bf1 Ke6 31. b4 a6 32. Rd2 Ke7 33. a3 Rd7 34.
Rd4 Bb3 35. Rxd7+ Kxd7 36. Kd2 Ke7 37. Kc3 Bd1 38. Bc4 Kf6 39. Kd4 Ba4 40. Be2
Bb3 41. Bh5 g6 42. Be2 h6 43. h4 Ba4 44. Kc3 Kg7 45. Bc4 Kf6 46. Ba2 Bd1 47.
Kd4 Ba4 48. Bc4 Bd1 49. Kc3 Ke7 50. Kd2 Ba4 51. Be2 Kf6 52. f3 exf3 53. Bxf3
Bb3 54. Be2 Bd5 55. Kc3 g5 56. hxg5+ hxg5 57. fxg5+ Kxg5 58. Bf1 Kf6 59. a4 Ke5
60. Bd3 Bf3 61. b5 a5 62. Bc4 Bd1 63. b6 Bxa4 64. Ba6 Kd5 65. Bxb7 Kxc5 66. Bc8
Kxb6 67. Bxf5 1/2-1/2

[Event "18sen.Bay.EM2006 Schney op"]
[Site "Schloss Schney (25.6.-3.7)"]
[Date "2006.06.26"]
[Round "2.5"]
[White "Leuschner, Guenter"]
[Black "Schmidt, Gerhard(40)"]
[Result "0-1"]
[WhiteElo "1830"]
[BlackElo "2139"]
[PlyCount "112"]
[EventDate "2006.07.??"]
[Source "Ganslmayer"]
[SourceDate "2012.12.20"]

1. d4 d5 2. c4 e6 3. Nf3 Nf6 4. Nc3 Be7 5. g3 c6 6. Bg2 Nbd7 7. Qd3 O-O 8. O-O
b6 9. Rd1 Ba6 10. b3 c5 11. Ba3 Rc8 12. Nb5 Bxb5 13. cxb5 c4 14. Bxe7 cxd3 15.
Bxd8 dxe2 16. Re1 Rfxd8 17. Rxe2 Rc3 18. Re3 Rdc8 19. h3 Kf8 20. Rae1 Ke7 21.
Bf1 Rxe3 22. Rxe3 Ne4 23. Kg2 Rc2 24. Re2 Rxe2 25. Bxe2 Nc3 26. Bd3 Nxa2 27.
Kf1 f5 28. Ke1 Nc3 29. Kd2 Ne4+ 30. Ke3 Kf6 31. Ne1 g5 32. Nc2 e5 33. Bxe4 dxe4
34. g4 fxg4 35. hxg4 Ke6 36. Kxe4 Nf6+ 37. Kf3 e4+ 38. Ke3 Nxg4+ 39. Kxe4 Nxf2+
40. Kf3 Nd3 41. Ke4 Nf2+ 42. Kf3 Nd3 43. Ke4 Nf4 44. Nb4 h5 45. Nc6 h4 46. d5+
Nxd5 47. Nd4+ Kd6 48. Kf3 Nf6 49. b4 g4+ 50. Kf4 h3 51. Kg3 Kd5 52. Nc6 Ke4 53.
Nxa7 Nh5+ 54. Kh2 Kf3 55. Nc6 g3+ 56. Kh1 Kf2 0-1

[Event "18sen.Bay.EM2006 Schney op"]
[Site "Schloss Schney (25.6.-3.7)"]
[Date "2006.06.26"]
[Round "2.6"]
[White "Wimmer, Herbert"]
[Black "Krafzik, Joachim"]
[Result "1-0"]
[WhiteElo "2114"]
[BlackElo "1841"]
[PlyCount "151"]
[EventDate "2006.07.??"]
[Source "Ganslmayer"]
[SourceDate "2012.12.20"]

1. d4 e6 2. e4 d5 3. Nc3 Nf6 4. Bg5 Be7 5. e5 Nfd7 6. Bxe7 Qxe7 7. f4 a6 8. Qg4
g6 9. h4 h5 10. Qg5 c5 11. Nf3 Nc6 12. O-O-O b5 13. g4 hxg4 14. Qxg4 Bb7 15.
Bg2 O-O-O 16. dxc5 Nxc5 17. Nxd5 Qe8 18. Nf6 Qe7 19. Ng5 Kb8 20. Rxd8+ Rxd8 21.
Rd1 Rxd1+ 22. Qxd1 Nd8 23. Bxb7 Ncxb7 24. Qd4 Qc7 25. c3 Nc6 26. Qe3 Nbd8 27.
Qc5 Ne7 28. Qa3 Ka7 29. Ne8 Qd7 30. Nd6 Nd5 31. Qc5+ Kb8 32. Nge4 Qc7 33. Qf2
Qa7 34. Qg3 Qe3+ 35. Qxe3 Nxe3 36. Ng3 Nd5 37. h5 gxh5 38. Nxh5 Kc7 39. Kd2 Kd7
40. Ne4 Kc6 41. b3 b4 42. c4 Ne7 43. Nd6 Ng8 44. Ne4 Ne7 45. Nhg3 Ng6 46. Ke3
Ne7 47. Ng5 a5 48. Nf3 Kb6 49. Nd4 a4 50. Ne4 axb3 51. axb3 Nec6 52. Nb5 Na5
53. Nd2 Kc5 54. Nd6 Kc6 55. N6e4 Ndb7 56. Kd4 Kc7 57. Ng5 Nc6+ 58. Ke3 Ncd8 59.
Kd3 Nc5+ 60. Kc2 Ncb7 61. Nde4 Kc6 62. Nf2 Nc5 63. Nd3 Na6 64. Nf3 Kd7 65. Nd4
Nc6 66. Nxc6 Kxc6 67. Kd2 Kd7 68. Ke3 Kc6 69. Kd4 Kb6 70. Ke4 Kc6 71. f5 Kb6
72. fxe6 fxe6 73. Kf4 Kc6 74. Kg5 Kc7 75. Kf6 Kd7 76. Kf7 1-0

[Event "18sen.Bay.EM2006 Schney op"]
[Site "Schloss Schney (25.6.-3.7)"]
[Date "2006.06.26"]
[Round "2.8"]
[White "Schulz, Wolfgang(32)"]
[Black "Aigner, Georg"]
[Result "1-0"]
[WhiteElo "2035"]
[BlackElo "1736"]
[PlyCount "107"]
[EventDate "2006.07.??"]
[Source "Ganslmayer"]
[SourceDate "2012.12.20"]

1. d4 d5 2. Nf3 Nf6 3. e3 e6 4. c4 Be7 5. Nc3 c6 6. Bd3 Nbd7 7. O-O Qc7 8. Bd2
e5 9. cxd5 Nxd5 10. Nxd5 cxd5 11. Rc1 Qd6 12. dxe5 Nxe5 13. Nxe5 Qxe5 14. Bb5+
Bd7 15. Bxd7+ Kxd7 16. Bc3 Qe4 17. Qe2 a6 18. Rfd1 Rhd8 19. Rd4 Qe6 20. Qf3 Ke8
21. e4 Qh6 22. Re1 Kf8 23. exd5 Bd6 24. g3 Re8 25. Rde4 Qg6 26. Rxe8+ Rxe8 27.
Rxe8+ Kxe8 28. Qe3+ Kd7 29. Kg2 h5 30. Qd4 f6 31. Kf3 Qf5+ 32. Ke3 Be5 33. Qe4
g6 34. Qxf5+ gxf5 35. f4 Bc7 36. Bxf6 Bb6+ 37. Bd4 Bd8 38. Bc5 b6 39. Bb4 a5
40. Ba3 Bf6 41. b3 Bc3 42. Kd3 Bf6 43. Kc4 Bg7 44. Bc1 Bf6 45. Be3 Bd8 46. a4
Kd6 47. Bd4 Kc7 48. Kb5 Kb7 49. Be5 Be7 50. Bd4 Bd8 51. d6 Ka7 52. Kc6 h4 53.
Kd7 hxg3 54. hxg3 1-0

[Event "18sen.Bay.EM2006 Schney op"]
[Site "Schloss Schney (25.6.-3.7)"]
[Date "2006.06.26"]
[Round "2.9"]
[White "Stadler, Lothar"]
[Black "Walther, Diethelm"]
[Result "1/2-1/2"]
[WhiteElo "1790"]
[BlackElo "2036"]
[PlyCount "86"]
[EventDate "2006.07.??"]
[Source "Ganslmayer"]
[SourceDate "2012.12.20"]

1. c4 c5 2. Nc3 Nc6 3. Nf3 g6 4. e3 Nf6 5. a3 Bg7 6. Be2 O-O 7. Rb1 d5 8. cxd5
Nxd5 9. Qb3 Nb6 10. Qb5 Bf5 11. e4 Bxc3 12. bxc3 Bxe4 13. d3 Bf5 14. Nh4 Qd6
15. Nxf5 gxf5 16. a4 Nd5 17. Bb2 Nf4 18. d4 cxd4 19. Qxf5 e5 20. Bf3 dxc3 21.
Be4 Qd2+ 22. Kf1 Ng6 23. Ba3 Nd4 24. Qh5 Rfd8 25. Bc1 Qa2 26. g3 Qc4+ 27. Kg2
Ne2 28. Qf5 Rd2 29. Bxd2 cxd2 30. Bd3 Nef4+ 31. gxf4 Nxf4+ 32. Kf3 Nxd3 33.
Rhg1+ Kf8 34. Qxh7 Qf4+ 35. Ke2 Qxf2+ 36. Kxd3 Rd8+ 37. Kc3 Qc5+ 38. Kb3 Rd4
39. Qh6+ Ke7 40. Qg5+ Kf8 41. Qh6+ Ke7 42. Qg5+ Kd7 43. Qf5+ Ke7 1/2-1/2

[Event "18sen.Bay.EM2006 Schney op"]
[Site "Schloss Schney (25.6.-3.7)"]
[Date "2006.06.26"]
[Round "2.10"]
[White "Pietruske, Siegfried"]
[Black "Kahn, Peter"]
[Result "1-0"]
[WhiteElo "1819"]
[BlackElo "2023"]
[PlyCount "63"]
[EventDate "2006.07.??"]
[Source "Ganslmayer"]
[SourceDate "2012.12.20"]

1. e4 e5 2. Nf3 Nc6 3. Bb5 g6 4. c3 a6 5. Ba4 d6 6. O-O Bg7 7. d4 Bd7 8. dxe5
dxe5 9. Qe2 Qe7 10. Rd1 Nf6 11. Bg5 h6 12. Bh4 O-O 13. Bc2 g5 14. Bg3 Nh5 15.
Nbd2 Nxg3 16. fxg3 Rad8 17. Nf1 Be6 18. Ne3 Qc5 19. Kh1 Ne7 20. g4 f6 21. Bb3
Bxb3 22. axb3 Kh7 23. Rd2 Qb6 24. b4 c6 25. Rad1 Nc8 26. Nf5 Qc7 27. h3 Rfe8
28. Nh2 Bf8 29. Qf2 Be7 30. Nxe7 Rxd2 31. Qf5+ Kh8 32. Qxf6+ 1-0

[Event "18sen.Bay.EM2006 Schney op"]
[Site "Schloss Schney (25.6.-3.7)"]
[Date "2006.06.26"]
[Round "2.13"]
[White "Schurig, Wilhelm"]
[Black "Claus, Joachim"]
[Result "1-0"]
[WhiteElo "2023"]
[BlackElo "1765"]
[PlyCount "85"]
[EventDate "2006.07.??"]
[Source "Ganslmayer"]
[SourceDate "2012.12.20"]

1. Nf3 Nf6 2. g3 b5 3. Bg2 Bb7 4. d4 e6 5. O-O Be7 6. c3 c5 7. Bg5 h6 8. Bxf6
Bxf6 9. Re1 Qb6 10. e4 d6 11. e5 Be7 12. Nbd2 Nd7 13. a4 a6 14. axb5 axb5 15.
Rxa8+ Bxa8 16. Ne4 O-O 17. dxc5 Nxc5 18. exd6 Nxe4 19. dxe7 Re8 20. Qd4 Qxd4
21. Nxd4 Nd6 22. Bc6 Bxc6 23. Nxc6 Nf5 24. Re5 g5 25. Rxb5 Nxe7 26. Nxe7+ Rxe7
27. c4 e5 28. c5 e4 29. c6 Rc7 30. Rc5 Kf8 31. Kf1 Ke7 32. g4 Kd6 33. b4 Rxc6
34. Rxc6+ Kxc6 35. Ke2 Kb5 36. Ke3 Kxb4 37. Kxe4 Kc3 38. f4 Kd2 39. fxg5 hxg5
40. Kf5 Ke3 41. Kxg5 Kf3 42. h4 f6+ 43. Kf5 1-0

[Event "18sen.Bay.EM2006 Schney op"]
[Site "Schloss Schney (25.6.-3.7)"]
[Date "2006.06.26"]
[Round "2.14"]
[White "Theuermeister, Peter"]
[Black "Jaenig, Reinhard"]
[Result "0-1"]
[WhiteElo "1752"]
[BlackElo "2021"]
[PlyCount "60"]
[EventDate "2006.07.??"]
[Source "Ganslmayer"]
[SourceDate "2012.12.20"]

1. d4 c5 2. d5 Nf6 3. c4 g6 4. Nc3 Bg7 5. Nf3 O-O 6. e4 d6 7. h3 e6 8. Bg5 h6
9. Be3 exd5 10. cxd5 Re8 11. Bd3 Na6 12. Qd2 Kh7 13. Rd1 Nb4 14. Bb1 b5 15. a3
Na6 16. Nxb5 Nxe4 17. Bxe4 Rxe4 18. Nc3 Re7 19. O-O Rb8 20. Rfe1 Reb7 21. Rb1
Bf5 22. g4 Bxb1 23. Rxb1 Qa5 24. b4 cxb4 25. axb4 Rxb4 26. Rxb4 Rxb4 27. Qa2
Qxa2 28. Nxa2 Rb1+ 29. Kg2 Rd1 30. Nd2 Ra1 0-1

[Event "18sen.Bay.EM2006 Schney op"]
[Site "Schloss Schney (25.6.-3.7)"]
[Date "2006.06.26"]
[Round "2.15"]
[White "Hamm, Georg Dr"]
[Black "Schnurr, Anton"]
[Result "1-0"]
[WhiteElo "1950"]
[BlackElo "1697"]
[PlyCount "91"]
[EventDate "2006.07.??"]
[Source "Ganslmayer"]
[SourceDate "2012.12.20"]

1. Nf3 Nf6 2. g3 e6 3. Bg2 d5 4. d3 Nbd7 5. Nbd2 Bd6 6. O-O c6 7. e4 O-O 8. Re1
e5 9. b3 Re8 10. Bb2 Qc7 11. a4 d4 12. Nc4 Bb4 13. Rf1 a5 14. Nh4 Nb6 15. Nd2
Bd7 16. Ba3 Bc3 17. Rb1 c5 18. h3 Rac8 19. Bc1 Kh8 20. g4 Ng8 21. Ndf3 Be6 22.
Ng5 Nd7 23. Qf3 Ndf6 24. Qg3 Nd7 25. f4 f6 26. Nxe6 Rxe6 27. f5 Re7 28. Nf3 g5
29. fxg6 hxg6 30. h4 Nf8 31. Bh3 Rce8 32. g5 Rf7 33. Nh2 Qe7 34. gxf6 Rxf6 35.
Bg5 Qg7 36. Ng4 Nh7 37. Nxf6 Ngxf6 38. Rf2 Nh5 39. Qg4 Nxg5 40. Qxg5 Nf4 41.
Kh2 Rf8 42. Rbf1 b6 43. Bg4 Kh7 44. Kg1 Qf7 45. Qxe5 Bd2 46. Rxd2 1-0

[Event "18sen.Bay.EM2006 Schney op"]
[Site "Schloss Schney (25.6.-3.7)"]
[Date "2006.06.26"]
[Round "2.16"]
[White "Kude, Klaus-Peter"]
[Black "Geisensetter, Franz"]
[Result "0-1"]
[WhiteElo "1757"]
[BlackElo "1992"]
[PlyCount "118"]
[EventDate "2006.07.??"]
[Source "Ganslmayer"]
[SourceDate "2012.12.20"]

1. e4 d5 2. exd5 Nf6 3. Nf3 Nxd5 4. d4 g6 5. Be2 Bg7 6. O-O O-O 7. c3 b6 8.
Nbd2 Bb7 9. Nc4 Na6 10. Re1 c5 11. Bg5 Qc7 12. Rc1 Rad8 13. Qa4 f6 14. Bd2 Qd7
15. Qc2 cxd4 16. Nxd4 e5 17. Nb3 f5 18. Bg5 Rde8 19. f3 Qc6 20. Bf1 Nac7 21.
Ne3 f4 22. Nxd5 Nxd5 23. Qe4 b5 24. c4 bxc4 25. Bxc4 Kh8 26. Bxd5 Qxd5 27. Qxd5
Bxd5 28. Rc7 a6 29. Rd1 Be6 30. Nc5 Bc8 31. b3 h6 32. Bh4 g5 33. Be1 g4 34. Bb4
Rd8 35. Rc1 Rg8 36. Kf2 gxf3 37. Kxf3 Bf6 38. Ne4 Bg4+ 39. Kf2 Bh4+ 40. Kg1 Bf3
41. Ng3 fxg3 42. gxf3 gxh2+ 43. Kxh2 Bg3+ 44. Kh1 Rd4 45. R7c4 Rd3 46. R4c3 Rd4
47. Rc4 Bf4 48. Rxd4 exd4 49. Rd1 Be3 50. Bd2 Kh7 51. Bxe3 dxe3 52. Re1 Re8 53.
Re2 Kg6 54. Kg2 Kf5 55. b4 Kf4 56. a4 Rg8+ 57. Kf1 Kxf3 58. Rh2 Rg6 59. Rh3+
Ke4 0-1

[Event "18sen.Bay.EM2006 Schney op"]
[Site "Schloss Schney (25.6.-3.7)"]
[Date "2006.06.26"]
[Round "2.18"]
[White "Lueders, Guenther Dr"]
[Black "Hein, Manfred(36)"]
[Result "0-1"]
[WhiteElo "1696"]
[BlackElo "2021"]
[PlyCount "92"]
[EventDate "2006.07.??"]
[Source "Ganslmayer"]
[SourceDate "2012.12.20"]

1. d4 d5 2. Nf3 Nf6 3. Bf4 c6 4. Nbd2 Bf5 5. h3 h6 6. e3 e6 7. Be2 Bd6 8. Bxd6
Qxd6 9. O-O Nbd7 10. c4 Qb4 11. Qb3 Qxb3 12. axb3 O-O 13. Rfc1 g5 14. g4 Bg6
15. c5 Rfe8 16. b4 a6 17. Rc3 e5 18. dxe5 Ne4 19. Rca3 Rad8 20. Rd1 Nxe5 21.
Nxe5 Rxe5 22. Nf3 Re7 23. Nd4 Rde8 24. Bd3 Nf6 25. Nf5 Bxf5 26. Bxf5 Re5 27.
Rad3 Kg7 28. Rd4 Ng8 29. Bc2 Ne7 30. Kg2 f5 31. gxf5 Nxf5 32. Bxf5 Rxf5 33.
R1d2 h5 34. b3 Re7 35. Kg1 Kf6 36. Kg2 Rfe5 37. Kg1 Kf5 38. Kg2 Re4 39. Kg3
Rxd4 40. exd4 Re1 41. f3 Re3 42. Rb2 g4 43. hxg4+ hxg4 44. Rf2 Rxb3 45. Kg2
Rxb4 46. fxg4+ Kxg4 0-1

[Event "18sen.Bay.EM2006 Schney op"]
[Site "Schloss Schney (25.6.-3.7)"]
[Date "2006.06.26"]
[Round "2.19"]
[White "Klinger, Rudolf++"]
[Black "Romanow, Werner"]
[Result "0-1"]
[WhiteElo "2114"]
[BlackElo "1966"]
[PlyCount "46"]
[EventDate "2006.07.??"]
[Source "Ganslmayer"]
[SourceDate "2012.12.20"]

1. e4 c5 2. Nf3 Nc6 3. c3 d5 4. e5 Bg4 5. Bb5 Qb6 6. Bxc6+ Qxc6 7. d4 Bxf3 8.
Qxf3 cxd4 9. cxd4 Qxc1+ 10. Qd1 Qxd1+ 11. Kxd1 e6 12. Nc3 a6 13. Ke2 Ne7 14. f4
Nc6 15. Rhd1 Bb4 16. a3 Bxc3 17. bxc3 Na5 18. a4 Rc8 19. Kd3 O-O 20. g4 Rc4 21.
h4 f6 22. exf6 Rxf6 23. Re1 Rxf4 0-1

[Event "18sen.Bay.EM2006 Schney op"]
[Site "Schloss Schney (25.6.-3.7)"]
[Date "2006.06.26"]
[Round "2.20"]
[White "Rost van Tonningen, Otto"]
[Black "Ludwig, Ines"]
[Result "1-0"]
[WhiteElo "1958"]
[BlackElo "1510"]
[PlyCount "105"]
[EventDate "2006.07.??"]
[Source "Ganslmayer"]
[SourceDate "2012.12.20"]

1. e4 c5 2. Nf3 d6 3. b3 Nf6 4. e5 dxe5 5. Nxe5 g6 6. Bb2 Bg7 7. Nc4 O-O 8. Be2
Nc6 9. c3 b5 10. Ne3 Rb8 11. O-O Qc7 12. Qc2 Rd8 13. d3 a5 14. Nd2 Nd5 15. Nxd5
Rxd5 16. Nf3 Bf5 17. Nh4 Be6 18. Bf3 Rd6 19. Rad1 g5 20. Bxc6 gxh4 21. Be4 f5
22. Bf3 Bf7 23. h3 Rbd8 24. Ba3 Qb6 25. Bb2 b4 26. cxb4 Bxb2 27. bxc5 Qc7 28.
Qxb2 Qxc5 29. Qd2 e5 30. Qg5+ Bg6 31. Qxh4 Rxd3 32. Rxd3 Rxd3 33. Be2 Rd4 34.
Qf6 Rd7 35. Bc4+ Bf7 36. Qxf5 Re7 37. Qg4+ Kh8 38. Rd1 Qc7 39. Qe4 Bg6 40. Qe3
Kg7 41. Qd2 h6 42. a4 Bf5 43. Qd6 Qa7 44. Rd5 Qd7 45. Qxd7 Bxd7 46. Rxa5 Bf5
47. Rc5 Bc2 48. a5 e4 49. a6 e3 50. fxe3 Rxe3 51. Rc7+ Kf8 52. Kf2 Rc3 53. a7
1-0

[Event "18sen.Bay.EM2006 Schney op"]
[Site "Schloss Schney (25.6.-3.7)"]
[Date "2006.06.26"]
[Round "2.21"]
[White "Anliker, Peter"]
[Black "Van Bellen, Henk Dr"]
[Result "1-0"]
[WhiteElo "1947"]
[BlackElo "1731"]
[PlyCount "39"]
[EventDate "2006.07.??"]
[Source "Ganslmayer"]
[SourceDate "2012.12.20"]

1. d4 f5 2. g3 g6 3. Bg2 Bg7 4. Nf3 d6 5. O-O c6 6. c4 Nh6 7. Nc3 Nf7 8. e4 O-O
9. exf5 Bxf5 10. d5 c5 11. Re1 Nd7 12. Nh4 Nfe5 13. Nxf5 Rxf5 14. Qe2 Kf8 15.
f4 Nxc4 16. Qxc4 Nb6 17. Qe4 Bxc3 18. bxc3 Nxd5 19. g4 Nf6 20. Qe2 1-0